S vydávaním kníh to myslím vážne

Podrobná bibliografia
Hlavní autori: Nemethová, Martina (Autor, Tazateľ), Gruska, Damas, 1962- (Autor, Tazateľ), Kertész-Bagala, Koloman, 1964- (Autor)
Médium: Článok
Jazyk:slovenčina
ISSN:1336-5584
Predmet:

MARC

LEADER 00000nab a2200000 ar4500
001 vtls008625819
003 SK-MaSNL
005 20260305002109.0
008 060224c2005 xo mr|p|||||||000 b|slo
015 |a SNBRB2006/02  |2 snkbucl 
038 |a SNKBUCL 
040 |a SNKBUCL  |b slo  |c SNKBUCL  |e AACR2 
041 0 |a slo 
044 |a xo  |c SK 
080 |a 655.4-051  |2 1997 
080 |a 655.413  |x (437.6)  |2 1997 
080 |a 82:655.4  |x (437.6)  |2 1997 
100 1 |a Nemethová, Martina  |4 ivr  |4 aut  |9 275275 
245 1 0 |a S vydávaním kníh to myslím vážne  |c Martina Nemethová, Damas Gruska, Koloman Kertész Bagala 
600 1 7 |a Kertész-Bagala, Koloman,  |d 1964-  |2 snkbucl  |9 103757 
610 2 7 |a Koloman Kertész Bagala (Levice a Bratislava, Slovensko)  |2 snkbucl  |9 1270336 
610 2 7 |a L.C.A. Publishers Group (Levice a Bratislava, Slovensko)  |b Koloman Kertész Bagala  |2 snkbucl  |9 1270337 
700 1 |a Gruska, Damas,  |d 1962-  |4 ivr  |4 aut  |9 260563 
700 1 |a Kertész-Bagala, Koloman,  |d 1964-  |4 ive  |4 aut  |9 103757 
773 0 |t Knihy a spoločnosť  |g Roč. 2, č. 5 (2005), s. 3  |x 1336-5584 
852 |a SNK  |b KIS3GCP 
958 |a LX 
999 |c 3223739  |d 3225669